| 000 | 00745nam a22002297a 4500 | ||
|---|---|---|---|
| 005 | 20240530110625.0 | ||
| 008 | 170103s2014 ua c g 000 1 ara d | ||
| 017 |
_a2014/7040 _bمصر. دار الكتب |
||
| 020 | _a9789770932964 | ||
| 040 |
_aEG-CaGPL _cEG-CaGPL |
||
| 082 | 0 | 4 |
_221 _a818.03\ _bن إ |
| 100 | 0 | _aنسمة جويلى | |
| 245 | 1 | 0 |
_aارث الحكاية / _cنسمة جويلى |
| 250 | _aط. 1 | ||
| 260 |
_aالقاهرة : _bدار الشروق ، _c2014. |
||
| 300 |
_a165 ص. : _bصور ؛ _c19 سم. |
||
| 650 | 0 | 7 |
_2qrmak _aالادب العربى |
| 650 | 0 | 7 |
_2qrmak _aالمذكرات |
| 650 | 0 | 7 |
_2qrmak _aالادب العربى _zاسوان |
| 942 |
_2ddc _cBK |
||
| 999 |
_c63135 _d63135 |
||